Giáo trình lập và quản lý dự án phát triển nông thôn = Rural development project planing and management

Giáo trình đề cập đến vấn đề về xây dựng, tổ cgức thực hiện và quản lý các dự án phát triển nông thôn, nhằm trang bị cho sinh viên một số kiến thức và kỹ năng cơ bản về quản lý và lập kế hoạch theo phương pháp có sự tham gia để...

Description complète

Enregistré dans:
Détails bibliographiques
Auteur principal: Hoàng, Mạnh Quân
Format: Livre
Langue:Undetermined
Publié: Hà Nội Nông nghiệp 2007
Sujets:
Tags: Ajouter un tag
Pas de tags, Soyez le premier à ajouter un tag!
Thư viện lưu trữ: Trung tâm Học liệu Trường Đại học Cần Thơ
LEADER 01413nam a2200217Ia 4500
001 CTU_127524
008 210402s9999 xx 000 0 und d
082 |a 307.14 
082 |b Qu121 
100 |a Hoàng, Mạnh Quân 
245 0 |a Giáo trình lập và quản lý dự án phát triển nông thôn = 
245 0 |b Rural development project planing and management 
245 0 |c Hoàng Mạnh Quân 
260 |a Hà Nội 
260 |b Nông nghiệp 
260 |c 2007 
520 |a Giáo trình đề cập đến vấn đề về xây dựng, tổ cgức thực hiện và quản lý các dự án phát triển nông thôn, nhằm trang bị cho sinh viên một số kiến thức và kỹ năng cơ bản về quản lý và lập kế hoạch theo phương pháp có sự tham gia để sau này họ có thể tổ chức thực hiện tốt các dự án PTNT ở cấp độ địa phương. 
650 |a Agriculture,Rural development,Nông nghiệp,Phát triển nông thôn,Rural development projects,Dự án phát triển nông thôn 
650 |x Economic aspects,Economic conditions,Khía cạnh kinh tế,Điều kiện kinh tế,Management,Quản lý 
904 |i Hồng, Năm 
980 |a Trung tâm Học liệu Trường Đại học Cần Thơ